Si Potenciano meong : (Record no. 104893)
[ view plain ]
| 000 -LEADER | |
|---|---|
| fixed length control field | 00584nam a2200169 a 4500 |
| 005 - DATE AND TIME OF LATEST TRANSACTION | |
| control field | 20140412111330.0 |
| 008 - FIXED-LENGTH DATA ELEMENTS--GENERAL INFORMATION | |
| fixed length control field | 030116s19uu xx 00 eng d |
| 050 ## - LIBRARY OF CONGRESS CALL NUMBER | |
| Classification number | Fil E |
| Item number | Po75 1982 |
| 100 ## - MAIN ENTRY--PERSONAL NAME | |
| Personal name | Ricarte, Leoncio I. |
| 245 ## - TITLE STATEMENT | |
| Title | Si Potenciano meong : |
| Remainder of title | ang bayaning pusa (the heroic cat) / |
| Statement of responsibility, etc | Leoncio I. Ricarte ; illustrations by Alfonso Ompos, Jr. |
| 260 ## - PUBLICATION, DISTRIBUTION, ETC. (IMPRINT) | |
| Place of publication, distribution, etc | Makati City, Philippines : |
| Name of publisher, distributor, etc | NCP Publishing Corporation, |
| Date of publication, distribution, etc | 1982. |
| 300 ## - PHYSICAL DESCRIPTION | |
| Extent | 1 v. (unp.) ; ill. |
| 440 ## - SERIES STATEMENT/ADDED ENTRY--TITLE | |
| Title | Bulilit |
| 650 ## - SUBJECT ADDED ENTRY--TOPICAL TERM | |
| Topical term or geographic name as entry element | Heroes--Fiction--Filipino |
| 650 ## - SUBJECT ADDED ENTRY--TOPICAL TERM | |
| Topical term or geographic name as entry element | Cats--Fiction--Filipino |
| Withdrawn status | Lost status | Damaged status | Use restrictions | Home library | Current library | Shelving location | Date acquired | Source of acquisition | Cost, normal purchase price | Total Checkouts | Full call number | Barcode | Date last seen | Price effective from | Koha item type |
|---|---|---|---|---|---|---|---|---|---|---|---|---|---|---|---|
| Elizalde Library | Elizalde Library | Filipiniana Section | 01/16/2003 | 24.75 | Fil E Po75 1982 | E8941 | 04/12/2014 | 04/12/2014 | Books |